1077 1535 1178 1551 1298 1185 1942 1891 1028 1453 1287 1007 1104 1171 1696 1468 1199 1068 1582 1538 1949 1310 1569 1581 1407 1650 1474 1179 1461 1300 1718 1931 1772 1293 1617 1233 1555 1456 1744 1722 1072 1847 1029 1124 1376 1647 1193 1010 1575 1318 1135 1759 1094 1815 1252 1990 1908 1872 1862 1427 1420 1331 1651 1579 1645 1418 1449 1470 1391 1382 1821 1969 1207 1666 1836 1307 1166 1870 1981 1042 1346 1405 1637 1339 1160 1672 1092 1709 1481 1369 1467 1573 1314 1449 1892 1920 1952 1032 1200 BCNSPRNW ULIB Ver.6.0+V

เปลี่ยนเป็นภาษาไทย

Change to English
 แสดงรายละเอียดบรรณานุกรม
  กลับหน้าหลัก

Brief Record : Get Marc (ISO 2709) : E-mail record : QR code < ปิดหน้าต่าง
LEADER : 00000nam 2200000uu 4500
001    13399123397
003     ULIB
008    020711s2556 th a 000 0 tha d
020    9786163873613
060    WG220^bส961ก
100    สันต์ ใจยอดศิลป์
245    โรคหัวใจ/^cสันต์ ใจยอดศิลป์
250    พิมพ์ครั้งที่ 1
260    กรุงเทพฯ :^bอมรินทร์สุขภาพ,^c2556
300    216 หน้า;^b21 ซม.
650    โรคหัวใจ
650    โรคหัวใจ^xการรักษา
945    ^p185^l0^i20463
945    ^p185^l0^i20464
รายการนี้ยังไม่มีแท็ก
คุณยังไม่ได้ล็อกอิน คุณสามารถมีกิจกรรมร่วมกับเว็บไซต์ได้ แต่ต้องล็อกอินก่อน ::
  ล็อกอิน

รายการสื่อสารสนเทศ

ลำดับที่ ประเภท เลขเรียก/บาร์โค้ด สถานที่ สถานะ
1. วิทยาศาสตร์การแพทย์ และสุขภาพ
หนังสือสำรอง
สถานะ=หนังสือสำรอง
WG220 ส961ก ฉ.1 
  Barcode: 20463
ห้องสมุดวิทยาเขตนครสวรรค์
►หนังสือทั่วไป:l:General Books
บนชั้น
2. วิทยาศาสตร์การแพทย์ และสุขภาพ
วิทยาศาสตร์การแพทย์ และสุขภาพ
WG220 ส961ก ฉ.2 
  Barcode: 20464
ห้องสมุดวิทยาเขตนครสวรรค์
►หนังสือทั่วไป:l:General Books
บนชั้น

รายการใกล้เคียง
    ผู้แต่ง [สันต์ ใจยอดศิลป์]

    หัวเรื่อง [โรคหัวใจ]

BibComment


ยังไม่เคยถูกคอมเมนท์

คอมเมนท์ทรัพยากรรายการนี้
  คอมเมนท์: โรคหัวใจ สันต์ ใจ..


 Copyright 2026. Bcnsprnw @Library